|
|
|
|
| LEADER |
00962nab a2200217 i 4500 |
| 001 |
misc67618 |
| 005 |
20230220122648.0 |
| 008 |
220830s1999 hu o 0|| eng d |
| 040 |
|
|
|a SZTE Miscellanea Repozitórium
|b hun
|
| 041 |
|
|
|a eng
|
| 100 |
1 |
|
|a Porció Tibor
|
| 245 |
1 |
0 |
|a Béla Bartók's Anatolian folk music collection
|h [elektronikus dokumentum] :
|b a report on a Ph.D. dissertation defended on the 16th February 1999 at the University of Szeged /
|c Porció Tibor
|
| 260 |
|
|
|a Akadémiai Kiadó
|b Budapest
|c 1999
|
| 300 |
|
|
|a 97-100
|c 24 cm
|
| 490 |
0 |
|
|a Acta Orientalia Academiae Scientiarum Hungaricae : a Magyar Tudományos Akadémia orientalisztikai közleményei
|
| 561 |
|
|
|a Németh Gyula hagyaték
|
| 591 |
|
|
|a XKEK 1856;OA 7034
|
| 650 |
|
4 |
|a Bölcsészettudományok
|
| 650 |
|
4 |
|a Nyelvek és irodalom
|
| 695 |
|
|
|a Bartók Béla, Népköltészet - török
|
| 856 |
4 |
0 |
|u http://misc.bibl.u-szeged.hu/67618/1/7034_oa.pdf
|z Dokumentum-elérés
|